| 000 | 00980nam a22002297a 4500 | ||
|---|---|---|---|
| 005 | 20240601100952.0 | ||
| 008 | 230601b ||||| |||| 00| 0 eng d | ||
| 040 | _cAL | ||
| 041 | _aKonkani /Devanāgarī | ||
| 082 |
_223 _a891.461 _bMATP |
||
| 100 |
_aMATHAYAS (Monika Dsa); _9168910 |
||
| 100 |
_9118819 _dಮಥಾಯಸ್ ಮೊನಿಕಾ ಡೆಸಾ |
||
| 245 |
_aPananch fulam jatana: _bಪಾನಾಂಚ್ ಫುಲಾಂ ಜಾತಾನಾ: पानांच फूलं जाताना |
||
| 260 |
_aMaharashtra _bAshavadi Prakashana _c2023 |
||
| 300 |
_a88p. _bPB _c21x13cm. |
||
| 365 |
_2Konkani _a23/03 _b120.00 _c₹ _d150.00 _e20% _f8-05-2023 |
||
| 650 |
_aKonkani Poetry: ಕೊಂಕಣಿ ಕವಿತಾ _9118222 |
||
| 650 |
_aKonkani Literature: ಕೊಂಕಣಿ ಸಾಹಿತ್ಯ _9118223 |
||
| 700 |
_a KVADRAS (Valli): ಕ್ವಾಡ್ರಸ್ (ವಲ್ಲಿ) Ed Tr _9118224 |
||
| 700 |
_aQuadros Valley _9118263 |
||
| 942 |
_2ddc _cBK |
||
| 999 |
_c227375 _d227375 |
||